| 000 | 00648nam a2200217 i 4500 | ||
|---|---|---|---|
| 001 | 181961 | ||
| 003 | ES-MaACL | ||
| 005 | 20231019192813.0 | ||
| 007 | t| | ||
| 008 | 130509s2010 cl ||||1| spa d | ||
| 080 | _a821.134.2(83)-82"19" | ||
| 100 | 1 |
_aCid H., Otto. _938766 |
|
| 245 | 1 | 0 |
_aLecciones de cosas _b: crónicas del atardecer / _cOtto Cid H. |
| 260 |
_aSantiago, Chile : _bLeorben, _c2010. |
||
| 300 |
_a220 p. ; _c18 cm. |
||
| 490 | 1 | _aColección "Soleu" | |
| 830 | 0 |
_aColección "Soleu" _9191706 |
|
| 852 |
_aES-MaACL _jA-12642 _9188870 _bR.148980 _cDEPO1 _dOlim: N-5643 |
||
| 942 |
_2udc _cMONOGRAFIA |
||
| 999 |
_c181961 _d181961 |
||